000 01534cam a2200469 a 4500
001 21473
003 VRT
005 20260302132514.0
008 240318s2016 xo a a 000 f slo
015 _aSNBA2017/01
020 _a9788081381188
_q(viaz.)
035 _a1854CDC8-2626-4FF2-B639-F1C300F2BE0B
035 _aurn:nbn:sk:snk-amycou
035 _aurn:nbn:sk:snk-am00chcw
039 9 _a202407231122
_bAUTHORITY
_c202407231103
_dAUTHORITY
_c202403182140
_dVLOAD
_c201811050940
_dmtotk19
040 _aPOKPOH
_bslo
_cPOKPOH
_dSNK
_eAACR2
041 1 _aslo
_hita
044 _axo
_cSK
072 7 _a821-93
_xLiteratúra pre deti a mládež (beletria)
_2konspekt
080 _a821.113.4-34
_22011
080 _a82-93-053.2
_22011
100 1 _aAndersen, Hans Christian,
_d1805-1875
_4aut
245 1 0 _aAndersenove rozprávky
_c[preklad Matúš Hanus]
260 _aBratislava
_bViktoria Print
_c[2016]
300 _a122 s.
_bfareb. ilustr.
_c29 cm
500 _aPravdepodobne preložené z taliančiny
655 7 _adánske rozprávky
_2SNKPH
655 7 _apublikácie pre deti
_2SNKPH
655 7 _aDanish fairy tales
_2SNKPHeng
655 7 _aChildren's literature
_2SNKPHeng
700 1 _aHanus, Matúš
_4trl
910 _apokpoh
910 _abjkdg
910 _asnk
910 _ahevk
910 _avthk
910 _asllk
910 _atotk
942 _2ddc
_cKLDE
_n0
949 _617A1219260
_asnkSB 91021
_bsnk2016/29017
_o2697/16
_s6100:20170323
949 _617A1219261
_asnkSB 91021 D1
_bsnk2016/29018
_o2697/16
999 _c21473
_d21473